000 01099nam a2200337 a 4500
003 AR-BaBNM
005 20251128210303.0
008 082120s2002 ||||||||||||||000 | spa||
040 _cAR-BaBNM
245 0 0 _aEarly chidhood education
_bthe seventy-first yearbook of the national society for the study of education. 2
260 _aIllinois
_bNational Society for the Study of Education
_c1972
300 _a400 p.
_btablas
504 _aContiene bibliografĂ­a al final de cada capĂ­tulo
650 4 _aHISTORIA DE LA EDUCACION
650 4 _aTEORIAS DE LA EDUCACION
650 4 _aSALUD
650 4 _aDESARROLLO COGNOSCITIVO
650 4 _aPROGRAMAS DE EDUCACION
650 4 _aDESARROLLO DE LA PERSONALIDAD
650 4 _aMEDIOS DE COMUNICACION
650 4 _aPSICOLOGIA DE LA EDUCACION
650 4 _aTEORIAS DEL APRENDIZAJE
651 4 _aEstados Unidos
653 _aEDUCACION INICIAL
653 _aINSTITUCIONES EDUCATIVAS
653 _aDIVERSIDAD SOCIOCULTURAL
700 1 _aGordon, Ira J.
_eeditor
700 1 _aRichey, Herman G.
_eeditor
942 _cBK
998 _cRaquel
999 _c14803
_d14803